000 00390nam a2200133Ia 4500
001 138630
003 230801
005 20201025200406.0
008 ||||||n9999 ||| || ||
100 _aPabón Pinilla, Rodolfo
_9169625
245 0 _aSistematización de la experiencia de presupuestos participativos en el municipio de Floridablanca Santander
562 _e1
942 _cTESIS
999 _c138630
_d138630